|
|
|
|
| LEADER |
00000nam0a2200000 4500 |
| 001 |
328485 |
| 005 |
20231102004051.0 |
| 035 |
|
|
|a (RuTPU)RU\TPU\book\354185
|
| 090 |
|
|
|a 328485
|
| 100 |
|
|
|a 20170218d1963 k y0rusy50 ca
|
| 101 |
0 |
|
|a rus
|
| 102 |
|
|
|a RU
|
| 105 |
|
|
|a a z 011zy
|
| 200 |
1 |
|
|a Аэромагнитная съемка в геологии
|e сборник статей, посвященный 25-летию аэромагнитной съемки в СССР
|f СССР, Государственный геологический комитет
|
| 210 |
|
|
|a Москва
|c Госгеолтехиздат
|d 1963
|
| 215 |
|
|
|a 124 с.
|c ил.
|
| 320 |
|
|
|a Библиогр. в конце ст.
|
| 606 |
1 |
|
|a Аэромагнитная съемка
|2 stltpush
|3 (RuTPU)RU\TPU\subj\29926
|9 53147
|
| 610 |
1 |
|
|a геология
|
| 610 |
1 |
|
|a магнитные поля
|
| 610 |
1 |
|
|a магнитные аномалии
|
| 610 |
1 |
|
|a геологическое картирование
|
| 610 |
1 |
|
|a геотектоническое районирование
|
| 610 |
1 |
|
|a полезные ископаемые
|
| 610 |
1 |
|
|a поиски
|
| 675 |
|
|
|a 550.838:550.814
|v 4
|
| 712 |
0 |
1 |
|a СССР
|b Государственный геологический комитет
|c (1963-1965)
|2 stltpush
|3 (RuTPU)RU\TPU\col\8031
|9 24457
|
| 801 |
|
1 |
|a RU
|b 63413507
|c 20170218
|
| 801 |
|
2 |
|a RU
|b 63413507
|c 20201026
|g RCR
|
| 942 |
|
|
|c BK
|